000 00424pab a2200157 454500
008 180718b2001 xxu||||| |||| 00| 0 eng d
100 _aGeffray, Christian
245 _aBrazil: drug trafficking in the federal state of Rondonia
260 _c2001
300 _ap.443-50
362 _aSep
650 _aDrug traffic - Brazil
650 _aDrug traffic
773 _aInternational Social Science Journal
909 _a50589
999 _c50589
_d50589